Madhya Pradesh district gazetteers: Raipur (Record no. 487099)

000 -LEADER
fixed length control field 00341cam a22001097a 4500
008 - FIXED-LENGTH DATA ELEMENTS--GENERAL INFORMATION
fixed length control field 180718b1973 xxu||||| |||| 00| 0 eng d
082 ## - DEWEY DECIMAL CLASSIFICATION NUMBER
Classification number A75 M264RA
245 ## - TITLE STATEMENT
Title Madhya Pradesh district gazetteers: Raipur
Statement of responsibility, etc. edited by Rajendra Verma
260 ## - PUBLICATION, DISTRIBUTION, ETC.
Place of publication, distribution, etc. Bhopal
Name of publisher, distributor, etc. Madhya Pradesh District Gazetteers
Date of publication, distribution, etc. 1973
300 ## - PHYSICAL DESCRIPTION
Extent 691+p.
700 ## - ADDED ENTRY--PERSONAL NAME
Personal name Verma, Rajendra
Holdings
Withdrawn status Lost status Damaged status Not for loan Permanent Location Current Location Date acquired Full call number Barcode Date last seen Price effective from Koha item type
        Indian Institute of Public Administration Indian Institute of Public Administration 2018-08-04 A75 M264RA GG15075 2018-08-04 2018-08-04 GG

Powered by Koha